Learning Resource and Development

Professional development and applied ethics / (Record no. 29554)

MARC details
000 -LEADER
fixed length control field 02109nam a2200325 i 4500
003 - CONTROL NUMBER IDENTIFIER
control field CSPC
005 - DATE AND TIME OF LATEST TRANSACTION
control field 20260427162038.0
008 - FIXED-LENGTH DATA ELEMENTS--GENERAL INFORMATION
fixed length control field 250509s2022 ph a b 000 0 eng d
020 ## - INTERNATIONAL STANDARD BOOK NUMBER
International Standard Book Number 9789719655077
040 ## - CATALOGING SOURCE
Transcribing agency CSPC
Original cataloging agency CSPC
Language of cataloging eng
Description conventions rda
082 04 - DEWEY DECIMAL CLASSIFICATION NUMBER
Classification number 658.45
Item number B862p
100 1# - MAIN ENTRY--PERSONAL NAME
Personal name Buenaventura, John Paul,
Relator term author.
245 10 - TITLE STATEMENT
Title Professional development and applied ethics /
Statement of responsibility, etc. John Paul Buenaventura, [and 2 others].
264 #1 - PRODUCTION, PUBLICATION, DISTRIBUTION, MANUFACTURE, AND COPYRIGHT NOTICE
Place of production, publication, distribution, manufacture Intramuros, Manila :
Name of producer, publisher, distributor, manufacturer Mindshapers Co., Inc.,
Date of production, publication, distribution, manufacture, or copyright notice 2022.
300 ## - PHYSICAL DESCRIPTION
Extent x, 208 pages :
Other physical details illustrations ;
Dimensions 23 cm.
336 ## - CONTENT TYPE
Source rdacontent
Content type term text
337 ## - MEDIA TYPE
Source rdamedia
Media type term unmediated
338 ## - CARRIER TYPE
Source rdacarrier
Carrier type term volume
504 ## - BIBLIOGRAPHY, ETC. NOTE
Bibliography, etc. note Includes bibliographical references.
505 0# - FORMATTED CONTENTS NOTE
Formatted contents note Professional development -- How to be an effective and productive team member -- Effective time management -- Preparing to step up to a management role -- Working with a mentor -- Creative problem solving -- Developing the ability to influence others -- Making effective presentations -- Conflict management skills -- Persuasive communication skills -- Getting comfortable in public speaking -- Cultural competence -- Diversity and inclusion in the workplace -- How to express appreciation to co-workers.
520 ## - SUMMARY, ETC.
Summary, etc. This course is designed to improve the ability of students to describe their accomplishments and sell their ideas in situations like professional networking, company meetings, public speaking, presentations and interviews. It particularly emphasizes verbal communication and preparations, It will also equip students with knowledge on cultural competence, diversity and inclusion in the hospitality and tourism sector.
650 #0 - SUBJECT ADDED ENTRY--TOPICAL TERM
Topical term or geographic name entry element Personal development
General subdivision Self-assessment.
650 #0 - SUBJECT ADDED ENTRY--TOPICAL TERM
Topical term or geographic name entry element Professional development.
650 #0 - SUBJECT ADDED ENTRY--TOPICAL TERM
Topical term or geographic name entry element Career development.
650 #0 - SUBJECT ADDED ENTRY--TOPICAL TERM
Topical term or geographic name entry element Ethics.
700 1# - ADDED ENTRY--PERSONAL NAME
Personal name Buenaventura-Gutierrez, Liberty,
Relator term author.
700 1# - ADDED ENTRY--PERSONAL NAME
Personal name Agasen, Aldrin Cauzon,
Relator term author.
942 ## - ADDED ENTRY ELEMENTS (KOHA)
Source of classification or shelving scheme Dewey Decimal Classification
Suppress in OPAC No
Koha item type Books
Classification part 658.45
Item part B862p
Call number prefix FIL
Call number suffix 2022
Holdings
Withdrawn status Lost status Source of classification or shelving scheme Damaged status Not for loan Home library Current library Shelving location Date acquired Total Checkouts Full call number Barcode Date last seen Date last checked out Copy number Price effective from Koha item type
    Dewey Decimal Classification     Main Library Main Library Filipiniana Section 05/09/2025 1 FIL 658.45 B862p 2022 029625 09/10/2025 08/11/2025 1-5 05/09/2025 Books
    Dewey Decimal Classification     Main Library Main Library Filipiniana Section 05/09/2025   FIL 658.45 B862p 2022 029626 05/09/2025   2-5 05/09/2025 Books
    Dewey Decimal Classification     Main Library Main Library Filipiniana Section 01/13/2026   FIL 658.45 B862p 2022 031046 01/13/2026   3-5 01/13/2026 Books
    Dewey Decimal Classification     Main Library Main Library Filipiniana Section 04/27/2026   FIL 658.45 B862p 2022 031786 04/27/2026   4-5 04/27/2026 Books
    Dewey Decimal Classification     Main Library Main Library Filipiniana Section 04/27/2026   FIL 658.45 B862p 2022 031787 04/27/2026   5-5 04/27/2026 Books